000 00944nas a2200265 4500
001 BR9200840
003 BR-BrBNA
005 20231205092319.0
007 ta
008 230509b bl.|||p| |||| 00| 00por d
040 _aBR-BrBNA
_bpor
_cBiblioteca Nacional de Agricultura
041 _a(Pt)
072 _aH10
100 1 _aPrando, H.F.
100 1 _aSilva Junior, A.A.
245 1 _aEficacia de seis inseticidas no controle de Neoleucinodes elegantalis (Guenee, 1854)(Lepidoptera, Pyralidae)em tomate
246 1 _aEfficacy of six insecticides in the control of Neoleucinodes elegantalis (Guenee, 1854)(Lepidoptera, Pyralidae)in tomato
650 _aTOMATE
650 _aLEPIDOPTERO
650 _aINSETICIDA
650 _aCONTROLE QUIMICO
773 0 _tAnais da Sociedade Entomologica do Brasil (Brazil)
_xISSN 0301-8059
_g(1990), v. 19(1) p. 59-65
_wBR9200840
909 _a202311
_bLúcia
_c55
_dLúcia Elande
942 _2AGRIS
_n0
_cANA
999 _c130868
_d130868